000 00341nam a2200133Ia 4500
008 240624s9999 xx 000 0 und d
041 _aeng
082 _a339 MAR
100 _aMARJIT SUGATA
245 _aINDIA MACROECONOMICS ANNUAL 2009
260 _c2010
_aNew Delhi
_bSage Publications
300 _a217 : p. : cm. ; 24
365 _cRS
_b34
999 _c15637
_d15637